Las Diputaciones provinciales ante la reforma del régimen local : conferencia pronunciada por el Ilustrísimo Señor D. Luis Sentís Anfruns en el acto inaugural de IX Curso de Perfeccionamiento para Funcionarios técnico-administrativos de Corporaciones Locales conferencia pronunciada por el Ilustrísimo Señor D. Luis Sentís Anfruns en el acto inaugural de IX Curso de Perfeccionamiento para Funcionarios técnico-administrativos de Corporaciones Locales
Descripción Física:
28 p. ; 24 cm
MARC
| LEADER | 00000nam a2200000Ia 4500 | ||
|---|---|---|---|
| 001 | 1907 | ||
| 008 | 160829s1970 xx 000 0 cat d | ||
| 080 | |a FU-5-18 | ||
| 100 | |a Sentís Anfruns, Luis | ||
| 245 | |a Las Diputaciones provinciales ante la reforma del régimen local : |b conferencia pronunciada por el Ilustrísimo Señor D. Luis Sentís Anfruns en el acto inaugural de IX Curso de Perfeccionamiento para Funcionarios técnico-administrativos de Corporaciones Locales | ||
| 260 | |a Barcelona : |b Diputación Provincial de Barcelona, |c 1970 | ||
| 300 | |a 28 p. ; |c 24 cm | ||
| 650 | |a Dret municipal |9 22170 | ||
| 650 | |a Diputacions províncials |x Dret i legislació |9 32394 | ||
| 710 | 1 | |a Barcelona (Catalunya : Província). |b Diputació |9 52408 | |
| 901 | |a Arxiu | ||
| 942 | |n 1 | ||
| 952 | |0 0 |1 0 |4 0 |6 FU518 |7 1 |9 45968 |a Arxiu |b Arxiu |d 2016-12-01 |l 0 |o FU-5-18 |p 1907 |r 2016-12-01 00:00:00 |w 2016-12-01 |y ARXIU | ||
| 999 | |c 49469 |d 49469 | ||